Supreme court on constitution of Indian / (Record no. 143666)

MARC details
000 -LEADER
fixed length control field 00587nam a22002057a 4500
005 - DATE AND TIME OF LATEST TRANSACTION
control field 20170822154405.0
010 ## - LCCN (DPL NO)
LC control number ENG-119975
020 ## - INTERNATIONAL STANDARD BOOK NUMBER
Terms of availability 675.00
International Standard Book Number 9789381113806
035 ## - SYSTEM CONTROL NUMBER
System control number EN-103507
037 ## - SOURCE OF ACQUISITION
Source of stock number/acquisition DBAD/PUB
082 ## - DEWEY DECIMAL CLASSIFICATION NUMBER
Classification number 342.54
100 ## - MAIN ENTRY--PERSONAL NAME
Personal name Acharya, N.K
245 ## - TITLE STATEMENT
Title Supreme court on constitution of Indian /
Statement of responsibility, etc by N.K Acharya
250 ## - EDITION STATEMENT
Edition statement 1st Edition
260 ## - PUBLICATION, DISTRIBUTION, ETC. (IMPRINT)
Place of publication, distribution, etc Hyderabad
Name of publisher, distributor, etc Asia Law House
Date of publication, distribution, etc 2012
270 ## - ADDRESS
Address 1, ALH, Koti,
City Hyderabad.
300 ## - PHYSICAL DESCRIPTION
Extent xivii, 816p. :
Dimensions 22cm (Hb)
Other physical details ill
500 ## - GENERAL NOTE
General note Include index
942 ## - ADDED ENTRY ELEMENTS (KOHA)
Source of classification or shelving scheme Dewey Decimal Classification
Item type English Books
Classification part 342.54
Call number suffix ACH
Holdings
Withdrawn status Lost status Not for loan Collection code Home library Current library Date acquired Source of acquisition Cost, normal purchase price Full call number Barcode Copy number Cost, replacement price Koha item type
    Not For Loan Non-fiction D.B.Act.Division Bawana 22/08/2017 DBAD/PUB 675.00 342.54 ACH EN-103507 1 675.00 English Books

© Delhi Public Library
Hit Counter
free hit counter